Kraje o największych połowach ryb morskich - Statystyki

Ogólne statystyki
  • Ten quiz został rozwiązany 13 razy
  • Średni wynik to 16 z 19
Statystyki odpowiedzi
Ranking Kraj % Poprawnych
11 Chile
100%
1 Chiny
100%
3 Indie
100%
8 Japonia
100%
4 Stany Zjednoczone
100%
2 Indonezja
92%
14 Meksyk
92%
9 Norwegia
92%
5 Rosja
92%
12 Filipiny
83%
18 Korea Południowa
83%
16 Malezja
83%
6 Peru
75%
7 Wietnam
75%
13 Bangladesz
67%
19 Islandia
67%
15 Tajlandia
67%
10 Mjanma
58%
17 Maroko
42%
Nie znaleziono quizów pasujących do podanych kryteriów
Rozkład punktacji
Procent ludzi z każdym wynikiem
Percentyl według liczby udzielonych odpowiedzi
Twoja historia wyników
Nie rozwiązałeś tego quizu